000 01202nam a2200313 i 4500
001 11844
003 KOSZ 005
005 20200624113906.0
008 080913s1966 pl a f 000 0 pol
015 _aPB 1966/3827
040 _aWA N
_cKOSZ 005/RW
_dKOSZ 005/RW
_dKOSZ 005/HR
041 1 _apol
_hrus
080 _a631
100 1 _aManukov, Nikolaj Pavlovič.
_eAutor
245 1 0 _aNowe metody napraw parku maszynowo-traktorowego /
_cN. Manukow ; [tł. St. Żychowicz, S. Wasiliew].
246 1 _iTyt. oryg.:
_aNovoe v remonte mašinno-traktornogo parka.
260 _aWarszawa :
_bPaństwowe Wydawnictwo Rolnicze i Leśne,
_c1966.
300 _a362, [2] s., [1] k. tabl. :
_bil. ;
_c25 cm.
380 _aKsiążki
658 _aRolnictwo i leśnictwo
650 4 _aRemont
650 4 _aMaszyny i narzędzia rolnicze
650 4 _aTraktory
700 1 _aŻychowicz, Stanisław.
_eTłumaczenie
700 1 _aWasiliew, Sergiusz.
_eTłumaczenie
710 2 _aPaństwowe Wydawnictwo Rolnicze i Leśne
_4pbl.
856 _uhttp://koha.tu.koszalin.pl/cgi-bin/koha/opac-detail.pl?biblionumber=11844
_yKatalog online BPK
942 _2UKD
_cKS
999 _c11844
_d11844